Podnikanie v malých a stredných podnikoch

Guardado en:
Detalles Bibliográficos
Autor principal: Chodasová, Alena
Autor Corporativo: Ekonomická univerzita v Bratislave. Fakulta podnikového manažmentu
Otros Autores: Bujnová, Darina
Formato: Libro
Lenguaje:eslovaco
Publicado: Bratislava Vydavateľstvo EKONÓM 2006
Materias:
Etiquetas: Agregar Etiqueta
Sin Etiquetas, Sea el primero en etiquetar este registro!

MARC

LEADER 00000nam$a2200000$$$4500
001 0038714
005 20240502071501.2
020 |a 80-225-2105-1 
041 0 |a slo 
044 |a SK 
245 1 0 |a Podnikanie v malých a stredných podnikoch  |c Alena Chodasová, Darina Bujnová 
264 1 |a Bratislava  |b Vydavateľstvo EKONÓM  |c 2006 
300 |a 193 s. 
610 2 0 |a podnik malý 
610 2 0 |a podnik stredný 
610 2 0 |a podnikanie malé 
610 2 0 |a podnikanie stredné 
610 2 0 |a rozvoj podniku 
610 2 0 |a založenie podniku 
610 2 0 |a riadenie podnikové 
610 2 0 |a organizácia podniku 
610 2 0 |a podpora podnikania 
610 2 0 |a marketing 
610 2 0 |a dane z príjmov 
610 2 0 |a zamestnávatelia 
610 2 0 |a poistenie zdravotné 
610 2 0 |a poistenie sociálne 
610 2 0 |a poistenie zákonné 
610 2 0 |a odmeňovanie 
610 2 0 |a fond sociálny 
610 2 0 |a vzťahy pracovnoprávne 
610 2 0 |a Slovensko 
100 1 |a Chodasová, Alena 
700 1 |a Bujnová, Darina 
710 2 |a Ekonomická univerzita v Bratislave. Fakulta podnikového manažmentu